[Event "Goch op 25th"]
[White "Lehmann, Heinz Gerd"]
[Black "Kozakowski, Jerzy"]
[Site "Goch"]
[Round "4"]
[Result "1-0"]
[Date "2014.09.06"]
[WhiteElo "1913"]
[BlackElo "1529"]
[PlyCount "44"]
[EventDate "2014.09.04"]
[EventType "swiss"]
[EventRounds "7"]
[EventCountry "GER"]
[SourceTitle "EXT 2016"]
[Source "ChessBase"]
[SourceDate "2015.10.08"]
[SourceVersion "1"]
[SourceVersionDate "2015.10.08"]
[SourceQuality "1"]

1. e4 e6 2. d4 d5 3. e5 c5 4. c3 Nc6 5. Nf3 Bd7 6. Bd3 cxd4 7. cxd4 Be7 8. 0-0 f6 9. Re1 Rc8 10. Nc3 a6 11. a3 Qb6 12. Na4 Qa7 13. Be3 b5 14. Nc3 fxe5 15. dxe5 d4 16. Nxd4 Nxd4 17. Bxd4 Qxd4 18. Bg6+ hxg6 19. Qxd4 Bc5 20. Qd3 Ne7 21. Ne4 0-0 22. Nxc5 Rxc5 1-0

[Event "Goch op 22nd"]
[White "Asselborn, Alexander"]
[Black "Lehmann, Heinz Gerd"]
[Site "Goch"]
[Round "2"]
[Result "0-1"]
[Date "2011.09.30"]
[WhiteElo "1557"]
[BlackElo "1915"]
[PlyCount "72"]
[EventDate "2011.09.29"]
[EventType "swiss"]
[EventRounds "7"]
[EventCountry "GER"]
[SourceTitle "EXT 2014"]
[Source "ChessBase"]
[SourceDate "2013.11.20"]
[SourceVersion "1"]
[SourceVersionDate "2013.11.20"]
[SourceQuality "1"]

1. d4 e6 2. c4 b6 3. Nf3 Bb7 4. g3 f5 5. d5 Bb4+ 6. Nc3 Bxc3+ 7. bxc3 Nf6 8. dxe6 dxe6 9. Qxd8+ Kxd8 10. Bg2 Nbd7 11. 0-0 Ke7 12. Be3 c5 13. Rfd1 Rad8 14. Bg5 h6 15. Bf4 Ne4 16. Rd3 g5 17. Bd2 Nxd2 18. Rxd2 Bxf3 19. exf3 Ne5 20. Re2 Nxc4 21. Rae1 Rd6 22. Bf1 Rhd8 23. h4 gxh4 24. gxh4 Rg8+ 25. Kh2 Kf6 26. Kh3 Re8 27. f4 Rd3+ 28. Kh2 Rxc3 29. Rd1 Ke7 30. Bg2 Nd6 31. Bd5 Ne4 32. Bc6 Rd8 33. Rde1 Rd2 34. Rxd2 Nxd2 35. Re2 Nf3+ 36. Kh1 Nd4 0-1

[Event "Goch op 22nd"]
[White "Lehmann, Heinz Gerd"]
[Black "Vadljan, Marcus Franz"]
[Site "Goch"]
[Round "1"]
[Result "1/2-1/2"]
[Date "2011.09.29"]
[WhiteElo "1915"]
[BlackElo "1179"]
[PlyCount "74"]
[EventDate "2011.09.29"]
[EventType "swiss"]
[EventRounds "7"]
[EventCountry "GER"]
[SourceTitle "EXT 2014"]
[Source "ChessBase"]
[SourceDate "2013.11.20"]
[SourceVersion "1"]
[SourceVersionDate "2013.11.20"]
[SourceQuality "1"]

1. e4 e6 2. d4 d5 3. e5 c5 4. c3 Nc6 5. Nf3 Bd7 6. Bd3 cxd4 7. cxd4 Nge7 8. Nc3 Nf5 9. Bxf5 exf5 10. Nxd5 Qa5+ 11. Nc3 Bb4 12. 0-0 Bxc3 13. bxc3 Qxc3 14. Be3 Qa5 15. Qb3 Qb4 16. Rab1 Qxb3 17. Rxb3 b6 18. Rc1 Rc8 19. d5 Ne7 20. Rxc8+ Bxc8 21. d6 Nc6 22. Rc3 Bd7 23. a3 0-0 24. Kf1 Re8 25. Bf4 Rc8 26. Ke1 Kf8 27. Kd2 Nd8 28. Rxc8 Bxc8 29. Nd4 Ne6 30. Nxe6+ fxe6 31. Be3 Ke8 32. f4 h5 33. h4 Bb7 34. g3 g6 35. Kc3 Kd7 36. Kb4 Kc6 37. Bf2 Bc8 1/2-1/2

[Event "Goch op 21st"]
[White "Dorr, Yannick"]
[Black "Lehmann, Heinz Gerd"]
[Site "Goch"]
[Round "5"]
[Result "0-1"]
[Date "2010.10.02"]
[WhiteElo "1824"]
[BlackElo "1901"]
[PlyCount "108"]
[EventDate "2010.09.30"]
[EventType "swiss"]
[EventRounds "7"]
[EventCountry "GER"]
[SourceTitle "EXT 2012"]
[Source "ChessBase"]
[SourceDate "2011.11.24"]
[SourceVersion "1"]
[SourceVersionDate "2011.11.24"]
[SourceQuality "1"]

1. e4 c5 2. Nf3 Nc6 3. Bb5 a6 4. Bxc6 dxc6 5. 0-0 g6 6. c3 Nf6 7. e5 Nd5 8. d4 cxd4 9. cxd4 Bg4 10. h3 Bxf3 11. Qxf3 e6 12. Nd2 c5 13. dxc5 Bxc5 14. Ne4 Be7 15. Bh6 Qc7 16. Bg7 Rg8 17. Nf6+ Bxf6 18. exf6 Qf4 19. Qb3 0-0-0 20. Rac1+ Kb8 21. Rc4 Qd6 22. Rfc1 Rc8 23. Rxc8+ Rxc8 24. Rxc8+ Kxc8 25. Qd1 Qe5 26. Qc2+ Qc7 27. Qd2 h5 28. Qh6 Qd8 29. Qg5 Qc7 30. a3 Qf4 31. Qxf4 Nxf4 32. Kf1 Kd7 33. g4 Nxh3 34. gxh5 gxh5 35. Bh6 e5 36. Kg2 Nf4+ 37. Kg3 Nd3 38. b3 Ke6 39. Bg7 Kf5 40. Kg2 Nc5 41. b4 Nd7 42. f3 Nxf6 43. Kg3 b5 44. Bh6 Nd5 45. Kh4 Nf4 46. Kg3 Ng6 47. Be3 h4+ 48. Kh3 Nf4+ 49. Kh2 e4 50. Bf2 exf3 51. Bxh4 Ke4 52. Kg1 Nd3 53. Kf1 f5 54. Bf6 Kd5 0-1

[Event "Goch op 21st"]
[White "Lehmann, Heinz Gerd"]
[Black "Bussard, Christian"]
[Site "Goch"]
[Round "4"]
[Result "0-1"]
[Date "2010.10.02"]
[WhiteElo "1901"]
[BlackElo "2106"]
[PlyCount "53"]
[EventDate "2010.09.30"]
[EventType "swiss"]
[EventRounds "7"]
[EventCountry "GER"]
[SourceTitle "EXT 2012"]
[Source "ChessBase"]
[SourceDate "2011.11.24"]
[SourceVersion "1"]
[SourceVersionDate "2011.11.24"]
[SourceQuality "1"]

1. e4 c5 2. Nc3 g6 3. f4 Bg7 4. Nf3 Nc6 5. Bb5 Nd4 6. Bc4 d6 7. Nb5 Nxb5 8. Bxb5+ Bd7 9. Bxd7+ Qxd7 10. 0-0 Nf6 11. d3 0-0-0 12. c4 h6 13. Rb1 Ne8 14. b4 e5 15. Be3 exf4 16. Bxf4 Nc7 17. bxc5 dxc5 18. Qb3 Ne6 19. Be3 b6 20. Rfd1 Nd4 21. Nxd4 Bxd4 22. Bxd4 Qxd4+ 23. Kh1 h5 24. a4 h4 25. a5 h3 26. g3 Qe3 27. axb6 0-1

[Event "Goch op 17th"]
[White "Lehmann, Heinz Gerd"]
[Black "Ahlberg, Guenter"]
[Site "Goch"]
[Round "6"]
[Result "0-1"]
[Date "2006.10.15"]
[WhiteElo "1643"]
[BlackElo "2135"]
[PlyCount "74"]
[EventDate "2006.10.12"]
[EventType "swiss"]
[EventRounds "7"]
[EventCountry "GER"]
[SourceTitle "EXT 2008"]
[Source "ChessBase"]
[SourceDate "2007.11.25"]
[SourceVersion "1"]
[SourceVersionDate "2007.11.25"]
[SourceQuality "1"]

1. e4 c6 2. Nc3 d5 3. Nf3 Bg4 4. h3 Bxf3 5. Qxf3 Nf6 6. e5 Nfd7 7. d4 e6 8. Bd3 c5 9. Be3 cxd4 10. Bxd4 Nc6 11. Qe3 Nxd4 12. Qxd4 Bc5 13. Qf4 0-0 14. 0-0 a6 15. Kh1 f5 16. exf6 Rxf6 17. Qd2 Qc7 18. f4 Raf8 19. f5 Qc6 20. fxe6 Rxe6 21. Rxf8+ Nxf8 22. Nxd5 Kh8 23. Nf4 Be3 24. Qb4 Rf6 25. Rf1 Bc5 26. Qe1 Bd6 27. Qe3 Qa4 28. Nh5 Rxf1+ 29. Bxf1 Qxc2 30. Qd3 Qc5 31. g3 Bc7 32. Qc3 Qe7 33. Nf4 Be5 34. Qe3 Qd6 35. Bd3 g6 36. Kg2 Nd7 37. b3 Nc5 0-1

[Event "Goch op 17th"]
[White "Hoelting, Siegfried"]
[Black "Lehmann, Heinz Gerd"]
[Site "Goch"]
[Round "5"]
[Result "0-1"]
[Date "2006.10.14"]
[WhiteElo "1901"]
[BlackElo "1643"]
[PlyCount "68"]
[EventDate "2006.10.12"]
[EventType "swiss"]
[EventRounds "7"]
[EventCountry "GER"]
[SourceTitle "EXT 2008"]
[Source "ChessBase"]
[SourceDate "2007.11.25"]
[SourceVersion "1"]
[SourceVersionDate "2007.11.25"]
[SourceQuality "1"]

1. e4 c5 2. c4 Nc6 3. Nc3 e6 4. Nf3 d6 5. d3 Nf6 6. Be2 Be7 7. 0-0 0-0 8. h3 a6 9. Bg5 h6 10. Be3 Qc7 11. d4 cxd4 12. Nxd4 Rd8 13. Rc1 d5 14. cxd5 exd5 15. exd5 Nxd5 16. Nxd5 Rxd5 17. Bf3 Rd8 18. Qc2 Bd7 19. a3 Rac8 20. Nf5 Qe5 21. Bg4 Bxf5 22. Bxf5 Ra8 23. Rfe1 Qf6 24. Be4 Rd6 25. Qe2 Re8 26. Bc5 Re6 27. Bxe7 Qxe7 28. f3 Kh8 29. g4 g6 30. Qd3 Kh7 31. Qc3 Qg5 32. Bxc6 Rxc6 33. h4 Rxe1+ 34. Qxe1 Qxc1 0-1

[Event "Goch op 17th"]
[White "Ebeling, Jens"]
[Black "Lehmann, Heinz Gerd"]
[Site "Goch"]
[Round "1"]
[Result "1-0"]
[Date "2006.10.12"]
[WhiteElo "2105"]
[BlackElo "1643"]
[PlyCount "107"]
[EventDate "2006.10.12"]
[EventType "swiss"]
[EventRounds "7"]
[EventCountry "GER"]
[SourceTitle "EXT 2008"]
[Source "ChessBase"]
[SourceDate "2007.11.25"]
[SourceVersion "1"]
[SourceVersionDate "2007.11.25"]
[SourceQuality "1"]

1. e4 c5 2. Nf3 e6 3. d3 d5 4. Nbd2 Nf6 5. g3 Be7 6. Bg2 Nc6 7. 0-0 Bd7 8. e5 Ng4 9. Qe2 0-0 10. Nb3 f6 11. exf6 Nxf6 12. Bf4 Qb6 13. Rfe1 Rae8 14. Ng5 Nd8 15. c3 Bd6 16. Bxd6 Qxd6 17. d4 b6 18. Rad1 c4 19. Nd2 Nf7 20. f4 a5 21. Nxf7 Rxf7 22. Nf3 Bc8 23. Ne5 Rc7 24. g4 Nd7 25. Rd2 b5 26. g5 Nxe5 27. Qxe5 Qxe5 28. Rxe5 Rf8 29. f5 Rxf5 30. Rxf5 exf5 31. Bxd5+ Kf8 32. Re2 Re7 33. Rxe7 Kxe7 34. a4 Bd7 35. Kf2 h6 36. gxh6 gxh6 37. Ke3 Kf6 38. Kf4 Be8 39. axb5 Bxb5 40. Bb7 Ke6 41. Bc8+ Kf6 42. Bxf5 Bc6 43. Bc8 Bd5 44. Bd7 Bb7 45. Bb5 Bd5 46. Ba6 Ke6 47. Bc8+ Kf6 48. Bf5 Bg2 49. Be4 Bf1 50. d5 Bh3 51. Bf3 Bd7 52. Be2 Bb5 53. Ke4 Ba6 54. Kd4 1-0

[Event "Goch op 15th"]
[White "Lehmann, Heinz Gerd"]
[Black "Ruetten, Ingmar"]
[Site "Goch"]
[Round "4"]
[Result "0-1"]
[Date "2004.10.02"]
[WhiteElo "1639"]
[BlackElo "2047"]
[PlyCount "82"]
[EventDate "2004.09.30"]
[EventType "swiss"]
[EventRounds "7"]
[EventCountry "GER"]
[SourceTitle "EXT 2006"]
[Source "ChessBase"]
[SourceDate "2005.11.24"]
[SourceVersion "1"]
[SourceVersionDate "2005.11.24"]
[SourceQuality "1"]

1. e4 c5 2. Nc3 d6 3. Bb5+ Bd7 4. Be2 Nc6 5. Nf3 g6 6. d3 Bg7 7. Bd2 Rb8 8. 0-0 b5 9. Rb1 e6 10. Qe1 Nge7 11. Bf4 b4 12. Bxd6 bxc3 13. Bxb8 Qxb8 14. bxc3 Qc7 15. d4 cxd4 16. cxd4 Nxd4 17. Nxd4 Bxd4 18. Qb4 Be5 19. h3 Nc6 20. Qb7 Nd4 21. Bd3 Ke7 22. Qxc7 Bxc7 23. c3 Nc6 24. Rfd1 Bb6 25. Bb5 Rc8 26. Kf1 Ne5 27. c4 Bxb5 28. cxb5 Rc2 29. f4 Nc4 30. Rdc1 Ne3+ 31. Kg1 Nxg2+ 32. Kh1 Rxa2 33. Rc8 Nxf4 34. Rh8 Nh5 35. Rb3 Ra1+ 36. Kg2 Rg1+ 37. Kh2 Rg5 38. Rxh7 Bc7+ 39. Kh1 Ng3+ 40. Kg2 Nxe4+ 41. Kf1 Nd2+ 0-1

[Event "Goch op 14th"]
[White "Lehmann, Heinz Gerd"]
[Black "Thevessen, Hubert"]
[Site "Goch"]
[Round "7"]
[Result "0-1"]
[Date "2003.??.??"]
[WhiteElo "1670"]
[BlackElo "1680"]
[PlyCount "98"]
[EventDate "2003.10.02"]
[EventType "swiss"]
[EventRounds "7"]
[EventCountry "GER"]
[SourceTitle "EXT 2006"]
[Source "ChessBase"]
[SourceDate "2005.11.24"]
[SourceVersion "1"]
[SourceVersionDate "2005.11.24"]
[SourceQuality "1"]

1. e4 c6 2. d4 d5 3. e5 Bf5 4. Bd3 Bxd3 5. Qxd3 e6 6. c3 Nd7 7. Nf3 c5 8. 0-0 Rc8 9. Bg5 Be7 10. Bxe7 Nxe7 11. Nbd2 Nf5 12. Rfd1 0-0 13. Nf1 c4 14. Qe2 Qe7 15. Ng3 Nxg3 16. hxg3 b5 17. a3 a5 18. Rd2 Rc7 19. Kh2 Rb7 20. Qe3 Rfb8 21. Rdd1 b4 22. axb4 axb4 23. Ra6 Nf8 24. Rda1 Qe8 25. g4 bxc3 26. bxc3 Ng6 27. Kg3 Qb5 28. Nh4 Nxh4 29. Kxh4 Qb3 30. f4 Qc2 31. f5 exf5 32. gxf5 Qxf5 33. g4 Qc2 34. R6a2 Rb2 35. Rxb2 Qxb2 36. Rh1 Qb6 37. Kg3 h6 38. Qf3 Qe6 39. Ra1 Rb3 40. Ra8+ Kh7 41. Ra7 Qg6 42. Rxf7 Rxc3 43. Rxg7+ Kxg7 44. Qxc3 h5 45. Kf2 Qxg4 46. Qe3 h4 47. Kf1 h3 48. e6 Qg2+ 49. Ke1 Qe4 0-1